| 000 | 00360nam a22001457a 4500 | ||
|---|---|---|---|
| 003 | MACL | ||
| 005 | 20191210171002.0 | ||
| 008 | 191210b xxu||||| |||| 00| 0 eng d | ||
| 040 | _cMACL | ||
| 100 |
_aAlam, Mohd. Monir _977517 |
||
| 245 | _aIndus River Treaty | ||
| 260 |
_aDelhi _bAcademic Books _c2016 |
||
| 650 |
_aForign Policy _977257 |
||
| 942 |
_2ddc _cBK |
||
| 999 |
_c61557 _d61557 |
||